| 000 | 00723cam a22002415a 4500 | ||
|---|---|---|---|
| 001 | 014590215 | ||
| 003 | OSt | ||
| 005 | 20160308153410.0 | ||
| 008 | 080407t2009 enka fr 001 0 eng d | ||
| 020 | _a9781850971726 | ||
| 020 | _a1850971722 | ||
| 040 |
_aStDuBDS _beng _cStDuBDS _dUk _dEG-ScBUE |
||
| 082 | 0 | 4 |
_222 _a617.6 _bAHM |
| 100 | 1 |
_aAhmad, Irfan, _cBDS _939499 |
|
| 245 | 1 | 0 |
_aEsthetic clinical case studies : _bdilemmas and solutions / _cIrfan Ahmad. |
| 260 |
_aSurrey : _bQuintessence Publishing, _cc.2009. |
||
| 300 |
_avii, 128 p. : _bill. ; _c29 cm. |
||
| 500 | _aIndex : p. 125-128. | ||
| 650 | 7 |
_aDentistry _xAesthetic aspects. _2BUEsh _932104 |
|
| 651 | _2BUEsh | ||
| 653 |
_bDDent _cMarch2016 |
||
| 942 | _2ddc | ||
| 999 |
_c21344 _d21316 |
||